Assessing and interpreting outcomes /

Bibliographic Details
Other Authors: Ball, Samuel
Format: Book
Language:English
Published: San Francisco : Jossey-Bass, 1981.
Series:New directions for program evaluation ; no. 9.
Subjects:

MARC

Tag First Indicator Second Indicator Subfields
LEADER 00000cam a2200000 a 4500
001 in00000091975
005 20151008064110.0
008 810731s1981 cau b 00100 eng
010 |a  80084296  
020 |a 0875898564 (pbk.) 
035 |a (OCoLC)07422829 
035 |9 AAK3527AM 
039 0 |a 2  |b 3  |c 3  |d 3  |e 3 
040 |a DLC  |c DLC  |d TXA  |d UtOrBLW 
049 |a TXAM  |c [1804568] 
050 0 0 |a H61  |b .A78 
082 0 |a 361.6/1  |2 19 
245 0 0 |a Assessing and interpreting outcomes /  |c Samuel Ball, guest editor. 
264 1 |a San Francisco :  |b Jossey-Bass,  |c 1981. 
300 |a xii, 89 pages ;  |c 24 cm. 
336 |a text  |b txt  |2 rdacontent 
337 |a unmediated  |b n  |2 rdamedia 
338 |a volume  |b nc  |2 rdacarrier 
490 1 |a New directions for program evaluation,  |x 0164-7989 ;  |v no. 9 
504 |a Includes bibliographies and index. 
505 0 |a What can we learn about change in organizations? / Hugh F. Cline, Loraine T. Sinnott -- The role of outcomes in cost-benefit evaluation / Victor Levine -- Assessing the effectiveness of social programs--methodological and conceptual issues / Lee Sechrest, William E. Yeaton -- Service delivery and evaluation from the consumer's point of view / Thomas J. Kiresuk, Sander H. Lund, Susan K. Schultz -- Outcomes, the size of the impacts, and program evaluation / Samuel Ball. 
650 0 |a Evaluation research (Social action programs) 
700 1 |a Ball, Samuel. 
830 0 |a New directions for program evaluation ;  |v no. 9. 
999 |a MARS 
999 f f |s bff265d2-1cec-3fb5-b881-0a9a85869e9a  |i b541f289-0cd7-3829-bd07-30d29058e69e  |t 0 
952 f f |p ric  |a Texas A&M University  |b Rellis Campus  |c Joint Library Facility  |d Remote Storage  |t 0  |e H61 .A78  |h Library of Congress classification  |i unmediated -- volume  |m A14806117941 
998 f f |a H61 .A78  |t 0  |l Remote Storage